| 000 | 01044nas a2200313 4500 | ||
|---|---|---|---|
| 001 | BR2012003643 | ||
| 003 | BR-BrBNA | ||
| 005 | 20231205120609.0 | ||
| 007 | ta | ||
| 008 | 230509b bl.|||p| |||| 00| 00por d | ||
| 040 |
_aBR-BrBNA _bpor _cBiblioteca Nacional de Agricultura |
||
| 041 | _a(Pt) | ||
| 072 | _aL02 | ||
| 100 | 1 | _aPereira, R. | |
| 100 | 1 | _aMenten, J.F.M. | |
| 100 | 1 | _aRomano, G.G. | |
| 100 | 1 | _aSilva, C.L.S. | |
| 100 | 1 | _aZavarize, K.C. | |
| 100 | 1 | _aBarbosa, N.A.A. | |
| 245 | 1 | _aEficiência de uma fitase bacteriana na liberação de fósforo fítico em dietas de frangos de corte | |
| 246 | 1 |
_aEfficience of a bacterial phytase to release phytate phosphorus in broiler chicken diets _bE |
|
| 650 | _aFRANGO DE CORTE | ||
| 650 | _aNUTRIÇÃO ANIMAL | ||
| 650 | _aDIETA | ||
| 650 | _aFÓSFORO | ||
| 773 | 0 |
_tArquivo Brasileiro de Medicina Veterinária e Zootecnia (Brazil) _xISSN 0102-0935 _g(Feb 2012), v. 64(1) p. 137-144 _wBR2012003643 |
|
| 909 |
_a202311 _bLúcia _c55 _dLúcia Elande |
||
| 942 |
_2AGRIS _n0 _cANA |
||
| 999 |
_c219320 _d219320 |
||